| 000 | 00661nam 22002053 4500 | ||
|---|---|---|---|
| 001 | 201786 | ||
| 090 | _a201786 | ||
| 100 | _a20260416d u||y0pory50 ba | ||
| 200 |
_aO mito de Don Juan _fJean Rousset _gtradução Maria Luísa Trigueiros e Maria Filomena Boavida |
||
| 210 |
_aLisboa _cVega _d[S.d.] |
||
| 215 |
_a143, [5] p. _cbrochado _d21 cm |
||
| 225 | _aVega Universidade | ||
| 606 |
_93661 _aCrítica Literária.Estudos Literários |
||
| 675 |
_a82.09 _vPT _zpor |
||
| 700 |
_917127 _aRousset _bJean _f1910-2002 |
||
| 702 |
_917129 _aTrigueiros _bMaria Luísa |
||
| 702 |
_95747 _aBoavida _bMaria Filomena |
||
| 801 |
_aPT _bBMMN _gRPC |
||
| 830 | _cVanda | ||
| 990 | _cLIVROS | ||